00573nam a2200193Ia 4500003000900000008004100009040001600050080001500066100001500081245008900096250001200185260003800197300001400235650001900249650002700268650001900295650004300314700002200357IN-BaIIA211028s9999 xx 000 0 eng d cIIA Library a658.7bLEE aLee, Lamar 0aPurchasing and materials managementbtext and casescLamar, Lee and Donald W. Dobler a2nd ed. aNew DelhibTata McGraw-Hillc1974 aix, 850p. a Management  a Materials management a Purchasing  aAstronomy and astrophysics thesaurus  aDobler, Donald W.